Statistics for 100 best foods

Click here to take the quiz!

General Stats

  • This quiz has been taken 71 times
    (42 since last reset)
  • The average score is 14 of 100

Answer Stats

HintAnswer% Correct
1pizza
86%
94ham
81%
7pasta
69%
12hamburger
61%
2fries
50%
90steak
50%
16sushi
47%
5salad
42%
13tacos
39%
95turkey
39%
61cake
36%
11hot dog
36%
86lasagna
33%
49pancakes
33%
59cookies
31%
77ice cream
31%
93wings
31%
48bacon
25%
29burritos
25%
30corn
25%
53crepes
22%
92popcorn
19%
57ravioli
19%
65sausage
19%
54donuts
17%
17fried rice
17%
98meatballs
17%
45shrimp
17%
25chicken noodle soup
14%
10chicken tenders
14%
23dumplings
14%
22egg rolls
14%
52French toast
14%
97green beans
14%
6Mac and cheese
14%
39ribs
14%
50bagels
11%
35broccoli
11%
60brownies
11%
55garlic bread
11%
8grilled cheese
11%
62nachos
11%
85onion
11%
82pepperoni
11%
96stuffing
11%
67carrots
8%
68celery
8%
9chicken sandwhich
8%
28fajitas
8%
56garlic knots
8%
69goldfish
8%
36mashed potatoes
8%
78oreos
8%
73pops
8%
14pork chop
8%
87potato chips
8%
27spring rolls
8%
47crab
6%
74eclair
6%
72Honey Nut Cheerios
6%
34Kit Kats
6%
46lobster
6%
3onion rings
6%
40paella
6%
63pretzel
6%
31quesadillas
6%
88Tostitos
6%
99calamari
3%
21chicken parmesan
3%
89churros
3%
43clams
3%
76Cole slaw
3%
66mozzarella sticks
3%
24pot stickers
3%
38pulled pork
3%
26wonton soup
3%
91bloomin onion
0%
37brisket
0%
4brussel sprouts
0%
20chicken marsala
0%
71Cinnamon Toast Crunch
0%
75corn beef
0%
64crab cake
0%
84gator bites
0%
83italian ice
0%
41lamb chops
0%
81latkes
0%
80matzo ball soup
0%
32mike and ikes
0%
44mussels
0%
79nutter butters
0%
100octopus
0%
33recess
0%
18sesame chicken
0%
42shrimp parmesan
0%
51shrimp toast
0%
58stuffed shells
0%
19sweet and sour chicken
0%
70wheat thins
0%
15zebra cake
0%

Score Distribution

Percentile by Number Answered

Percent of People with Each Score

Your Score History

You have not taken this quiz since the last reset